000 00432nam a2200169 i 4500
001 31493
003 ES-MaACL
005 20230906154405.0
007 t|
008 030129s1967 sp ||||1| spa d
100 1 _aBenet, Juan.
_927536
245 1 0 _aVolverás a región /
_cJuan Benet.
250 _a[1ª ed.].
260 _aBarcelona :
_bDestino,
_c[1967]
300 _a316 p. ;
_c19 cm.
852 _aES-MaACL
_jC-34783
_bR.66407
999 _c31493
_d31493